00541nam a2200133 a 450000100080000000500110000800800410001910000220006024500720008226001370015450000700029165300240036165300220038516913362012-03-07 2007 bl uuuu u00u1 u #d1 aFERREIRA, L M. M. aAgricultura familiarbem busca de novos rumos na região do Apiaú. aIn: Folha BV. Disponivel em: <http://www.folhabv.com.br/noticia.php?editoria=opiniao&id=17715>. Acesso em: 12 jan. 2007.c2007 aDisponível também em: Portal do voluntário; cidadania embraer; aAgricultura familia aRegião do Apiaú